Theorie des Plants D'Experience Application à L'Agronomie

Đã lưu trong:
书目详细资料
主要作者: Philippeau G
格式: 图书
语言:Undetermined
出版: Service des Etudes Statistiques 1989
主题:
标签: 添加标签
没有标签, 成为第一个标记此记录!
Thư viện lưu trữ: Trung tâm Học liệu Trường Đại học Cần Thơ
LEADER 00507nam a2200181Ia 4500
001 CTU_28129
008 210402s9999 xx 000 0 und d
082 |a 631.816 
082 |b P551 
100 |a Philippeau G 
245 0 |a Theorie des Plants D'Experience 
245 0 |b Application à L'Agronomie 
245 0 |c Philippeau G 
260 |b Service des Etudes Statistiques 
260 |c 1989 
650 |a agriculture 
904 |i Sáng, 981007 
980 |a Trung tâm Học liệu Trường Đại học Cần Thơ